Statistik utama : Terengganu
| Format: | Book |
|---|---|
| Published: |
Terengganu :
Jabatan Perangkaan Malaysia Negeri Terengganu ,
2009-
|
| Subjects: |
MARC
| LEADER | 00000cam a2200000 7i4500 | ||
|---|---|---|---|
| 001 | 0000003922 | ||
| 005 | 20111124.0 | ||
| 022 | 0 | 0 | |a 1985-9082 |
| 090 | 0 | 0 | |a 315.95122 |b SUT 2009 |
| 245 | 0 | 0 | |a Statistik utama : |b Terengganu |
| 260 | 0 | 0 | |a Terengganu : |b Jabatan Perangkaan Malaysia Negeri Terengganu , |c 2009- |
| 300 | |a vii.83 p : |b .ill (col) ; |c 21 cm. | ||
| 500 | 0 | 0 | |a Annual |
| 650 | 0 | 0 | |a Terengganu |x Statistics, Vital |x Periodicals |
| 650 | 0 | 0 | |a Terengganu |x Statistics |x Periodicals |
| 850 | |a JPSM (2009) | ||
| 999 | |a 007699 |b Monograph |c Open Shelf |e Default branch | ||